that was then, this is now / (Registro nro. 30042)
[ vista simple ]
| 000 -LEADER | |
|---|---|
| fixed length control field | 00852nam a22001697a 4500 |
| 003 - CONTROL NUMBER IDENTIFIER | |
| control field | OSt |
| 005 - DATE AND TIME OF LATEST TRANSACTION | |
| control field | 20250619103337.0 |
| 008 - FIXED-LENGTH DATA ELEMENTS--GENERAL INFORMATION | |
| fixed length control field | 230518s1971 |||||||| |||| 00| f eng d |
| 020 ## - INTERNATIONAL STANDARD BOOK NUMBER | |
| International Standard Book Number | 9780140389661 |
| 040 ## - CATALOGING SOURCE | |
| Original cataloging agency | CO-JMCR |
| Language of cataloging | spa |
| Transcribing agency | CO-JMCR |
| 041 0# - LANGUAGE CODE | |
| Language code of text/sound track or separate title | eng |
| 082 ## - DEWEY DECIMAL CLASSIFICATION NUMBER | |
| Classification number | J-N |
| Item number | HINt |
| 100 ## - MAIN ENTRY--PERSONAL NAME | |
| Personal name | Hinton, Susan Eloise / |
| Relator term | autora |
| 9 (RLIN) | 42741 |
| 245 10 - TITLE STATEMENT | |
| Title | that was then, this is now / |
| Statement of responsibility, etc. | S. E. Hinton |
| 520 ## - SUMMARY, ETC. | |
| Summary, etc. | Since childhood, Bryon and Mark have been as close as brothers. Now things are changing. Bryon's growing up, spending a lot of time with girls, and thinking seriously about who he wants to be. Mark still just lives for the thrill of the moment. The two are growing apart - but holding on - until Bryon makes a shocking discovery about Mark. Then Bryon faces a terrible decision - one that will change both of their lives forever. |
| 942 ## - ADDED ENTRY ELEMENTS (KOHA) | |
| Source of classification or shelving scheme | Dewey Decimal Classification |
| Koha item type | Books |
| Withdrawn status | Lost status | Source of classification or shelving scheme | Damaged status | Not for loan | Home library | Current library | Shelving location | Date acquired | Source of acquisition | Total Checkouts | Full call number | Barcode | Date last seen | Date last checked out | Copy number | Price effective from | Koha item type |
|---|---|---|---|---|---|---|---|---|---|---|---|---|---|---|---|---|---|
| Dewey Decimal Classification | Biblioteca Pública José María del Castillo y Rada | Biblioteca Pública José María del Castillo y Rada | New Materials Shelf | 05/18/2023 | Donación | 2 | J-N HINt | 201811870 | 11/06/2024 | 11/05/2024 | Ej.1 | 05/18/2023 | Books |